| 000 | 00472nam a2200181Ia 4500 | ||
|---|---|---|---|
| 008 | 240925s9999 xx 000 0 und d | ||
| 020 | _a8120309537 | ||
| 082 | _a621.37 MUR | ||
| 100 | _aMurty , V.S D. | ||
| 245 | 0 | _aTransducers and Instrumentation | |
| 250 | _aNA | ||
| 260 |
_aNew Delhi: _bPearson Printice Hall _c,1995. |
||
| 300 |
_axiv,577p. _bNA _fOriginal |
||
| 500 | _aIncludes Index | ||
| 600 | _aElectronic Engineering | ||
| 650 | _aTechnology | ||
| 942 | _cBK | ||
| 999 |
_c6223 _d6223 |
||